000 00341nam a22001457a 4500
008 210429b ||||| |||| 00| 0 eng d
020 _a2901285870242
041 _aeng
080 _28th
_a94
082 _a94
100 _a16
101 _aSHH
245 _aThe Human Record Sources of Global History
_cAlfred J. Andrea
942 _2udc
_cBK
999 _c57022
_d57022